00800cam a22002051 450000100060000000300080000600500170001400800410003103500190007203500200009104000310011104100080014208200210015024501010017126001410027230000480041360000780046170000210053971000340056017676BD-RjUL20211209000157.0140217s1965 bccach 000 1beng d a(BD-RjUL)17734 a(OCoLC)21657769 aDLCcCUdDLCdBD-RjULbeng aeng00a821.91bWOR 196514aThe world of W. B. Yeats :bessays in perspective /cedited by Robin Skelton and Ann Saddlemyer. aVictoria, B.C :bPublished for the University of Victoria, Victoria, B.C., by the Adelphi Bookshop];aWashington Press,aSeattle,cc1965 a278 p. :billus., facsims. ports. ;c24 cm.10aYeats, W. B.q(William Butler),d1865-1939xCriticism and interpretation.1 aSaddlemyer, Ann.2 aUniversity of Victoria (B.C.)